[Event "OP-2012-0-02431"]
[Site "LSS email"]
[Date "2012.09.30"]
[Round "?"]
[White "Ederer, Karel"]
[Black "Gorczak, Damian"]
[Result "1-0"]
[WhiteElo "2083"]
[BlackElo "1000"]
[PlyCount "21"]
[EventDate "2012.09.27"]
[EventType "tourn (corr)"]
[EventRounds "4"]
[EventCountry "GER"]
[SourceTitle "Corr 2015"]
[Source "ChessBase"]
[SourceDate "2015.07.17"]
[SourceVersion "1"]
[SourceVersionDate "2015.07.17"]
[SourceQuality "1"]

1. d4 d5 2. c4 e6 3. Nc3 Bb4 4. Nf3 Qd6 5. g3 c5 6. Bf4 Bxc3+ 7. bxc3 Qe7 8. cxd5 c4 9. dxe6 Bxe6 10. d5 Bg4 11. Ne5 1-0